Most Visited Cities in Africa Quiz Stats

 Plays Quiz Updated Aug 24, 2015

Challenge
Share
Tweet
Embed
Score 0/12 Timer 06:00
1 Play Today
City % Correct
Cairo
97.2%
Cape Town
87.8%
Johannesburg
86.1%
Nairobi
77.8%
Casablanca
70.8%
Tunis
68.8%
Lagos
62.1%
Accra
42%
Dakar
38.6%
Durban
36.4%
Maputo
18.9%
Entebbe
3.7%

You're not logged in!

Compare scores with friends on all Sporcle quizzes.
OR
Log In

You Might Also Like...

Show Comments

Extras

Top Quizzes Today


Score Distribution

Your Account Isn't Verified!

In order to create a playlist on Sporcle, you need to verify the email address you used during registration. Go to your Sporcle Settings to finish the process.

Report this User

Report this user for behavior that violates our Community Guidelines.

Details: